Malé a stredné podniky v SR problémy a východiská

Problémy malých a stredných podnikov. Počet daňových subjektov v SR evidovaných na jednotlivých druhoch daní k 31.12.2005. Počet daňových subjektov v SR podľa foriem podnikania k 31.12.2005. Problémy podnikateľov - nedostatok finančných zdrojov, nízka vymožiteľnosť práva, vysoké nepriame dane, admin...

Full description

Saved in:
Bibliographic Details
Main Author: Šúbertová, Elena
Format: Book Chapter
Language:Slovak
Subjects:
Tags: Add Tag
No Tags, Be the first to tag this record!

MARC

LEADER 00000naa$a2200000$$$4500
001 0054935
005 20240502071629.9
041 0 |a slo 
044 |a SK 
245 1 0 |a Malé a stredné podniky v SR  |b problémy a východiská 
520 |a Problémy malých a stredných podnikov. Počet daňových subjektov v SR evidovaných na jednotlivých druhoch daní k 31.12.2005. Počet daňových subjektov v SR podľa foriem podnikania k 31.12.2005. Problémy podnikateľov - nedostatok finančných zdrojov, nízka vymožiteľnosť práva, vysoké nepriame dane, administratívna náročnosť. Ako zlepšiť situáciu. 
610 2 0 |a podnikanie 
610 2 0 |a prostredie podnikateľské 
610 2 0 |a podnik malý 
610 2 0 |a podnik stredný 
610 2 0 |a dane 
610 2 0 |a zdroje finančné 
610 2 0 |a právo 
610 2 0 |a byrokracia 
610 2 0 |a Slovensko 
100 1 |a Šúbertová, Elena